Guía práctica para los Montepios o Sociedades de Socorros Mútuos / por la Asociación, Unión y Defensa de los Montepíos de Barcelona y sus Afueras
Descripción Física:
56 p. , 16 cm
Materias:
Mutualitats -- Catalunya
MARC
| LEADER | 00000nam a2200000Ia 4500 | ||
|---|---|---|---|
| 003 | BGR | ||
| 005 | 20260324180556.0 | ||
| 008 | 160829s1904 xx 000 0 cat d | ||
| 080 | |a 2050 | ||
| 110 | 2 | |9 70353 |a Asociación, Unión y Defensa de los Montepíos de Barcelona y sus afueras | |
| 245 | |a Guía práctica para los Montepios o Sociedades de Socorros Mútuos / por la Asociación, Unión y Defensa de los Montepíos de Barcelona y sus Afueras | ||
| 260 | |a Barcelona : |b (Imp. F. Badia), |c 1904 | ||
| 300 | |a 56 p. , 16 cm | ||
| 650 | 0 | |a Mutualitats |z Catalunya |9 49065 | |
| 901 | |a Arxiu | ||
| 942 | |n 1 |2 udc |c MON | ||
| 952 | |0 0 |1 0 |4 0 |6 2050 |7 1 |9 55065 |a Arxiu |b Arxiu |d 2016-12-01 |l 0 |o 2050 |r 2016-12-01 00:00:00 |w 2016-12-01 |y ARXIU | ||
| 999 | |c 58935 |d 58935 | ||